000 00309 a2200145 4500
001 194886
040 _cMagnum
100 _aMORAL, Silvia
240 1 0 _aO bosque das histórias
_lpor
245 1 0 _aO bosque das histórias
300 _a16
362 0 _a2020
697 _aLITERATURA INFANTIL
942 _cBK
999 _c194886
_d194886